000 00843nam a2200229Ii 4500
003 JO-AjNU
008 230605s9999||||xx |||||||||||||| ||und||
017 _a142/1/2009
040 _aJO-AjNU
_bara
_erda
_cJO-AjNU
041 _aara
050 1 4 _aPJ7866.Z39.Z78 2009
100 3 _aعمان، وزارة الثقافة,
_eauthor
_957759
245 0 0 _aالعلامة الراحل روكس بن زائد العزيزي : أوراق ندوة أقامتها وزارة الثقافة بتاريخ 2005/8/8
250 _aط1
264 3 1 _aعمان: وزارة الثقافة، 2009
300 _a389ص
336 _atext
_btxt
_2rdacontent
337 _aunmediated
_bn
_2rdamedia
338 _avolume
_bnc
_2rdacarrier
490 0 _aسلسلة كتاب الشهر (132)
650 4 _aتراجم -روكس بن زائد العزيزي
_957760
999 _aA25902
_c29470
_d29470